[Event "Paris Apsap op 52nd"]
[Site "Paris"]
[Date "2002.04.14"]
[Round "2"]
[White "Nguyen, Hung"]
[Black "Valsin, P."]
[Result "1-0"]
[WhiteElo "2038"]
[BlackElo "1870"]
[PlyCount "33"]
[EventDate "2002.04.17"]
[EventType "swiss"]
[EventRounds "9"]
[EventCountry "FRA"]
[SourceTitle "EXT 2003"]
[Source "ChessBase"]
[SourceDate "2002.11.25"]
[SourceVersion "1"]
[SourceVersionDate "2002.11.25"]
[SourceQuality "1"]

1. c3 d5 2. d3 e5 3. Qc2 Nc6 4. e4 d4 5. Nf3 Bg4 6. Be2 Nf6 7. a3 a5 8. 0-0 Be7 9. Nbd2 Bd6 10. Nc4 h6 11. Bd2 0-0 12. h3 Bd7 13. cxd4 b5 14. Nxa5 Nxa5 15. dxe5 Ne8 16. exd6 Nxd6 17. Ne5 1-0